| 000 | 00829cam a2200217 4500 | ||
|---|---|---|---|
| 001 | WB3729-37 | ||
| 008 | 010725n2001 000 0 eng u | ||
| 035 | _a(Sirsi) u113766 | ||
| 245 | _aTax threat to house price winners | ||
| 260 | _c2001 | ||
| 490 |
_aTimes _v 25 July 2001, 1&4(2) |
||
| 520 | _aGovernment is preparing a review of council tax which may mean a big increase for some householders. The revaluation which is likely to occur in 2005 will include all Britain's 21 million homes and will most noticably affect those areas which have seen the greatest rise in house prices such as London and the south-east. | ||
| 590 | _aWB | ||
| 650 | _aCOUNCIL TAX | ||
| 650 | _aCOUNCIL TAX BANDS | ||
| 650 | _aHOUSE PRICES | ||
| 650 | _aREVALUATION | ||
| 650 | _aPROPERTY OWNERS | ||
| 690 | _aTAXATION | ||
| 942 | _n0 | ||
| 999 |
_c67785 _d67785 |
||